Normal view MARC view

Entry Nombre personal

Number of records used in: 1

001 - NÚMERO DE CONTROL

  • campo de control: 972

003 - IDENTIFICADOR DE NÚMERO DE CONTROL

  • campo de control: DLC

005 - FECHA Y HORA DE LA ÚLTIMA TRANSACCIÓN

  • campo de control: 20260326151335.0

008 - ELEMENTOS DE DATO DE LONGITUD-FIJA

  • campo de control de longitud fija: 860410n| azannaabn |n aaa

010 ## - NÚMERO DE CONTROL DE LA BIBLIOTECA DEL CONGRESO

  • Número de control de LC: n 85341625

035 ## - NÚMERO DE CONTROL DEL SISTEMA

  • Número de control de sistema: (OCoLC)oca01555866

040 ## - FUENTE DE CATALOGACIÓN

  • Centro catalogador/agencia de origen: DLC
  • Lengua de catalogación: eng
  • Normas de descripción: rda
  • Centro/agencia transcriptor: DLC
  • Centro/agencia modificador: DLC
  • Centro/agencia modificador: OCoLC
  • Centro/agencia modificador: IEN

046 ## - FECHAS CON CODIFICACIÓN ESPECIAL

  • Fecha de nacimiento: 1926-03-10
  • Fecha de la muerte: 2011-09-04
  • Fuente del esquema de fecha: edtf

100 1# - ENCABEZAMIENTO-NOMBRE DE PERSONA

  • Nombre de persona: Julien, Philippe

370 ## - LUGAR ASOCIADO

  • País asociado: France
  • Lugar de residencia/sede: Paris (France)
  • Fuente del término: naf

372 ## - CAMPO DE ACTIVIDAD

  • Campo de actividad: Paternity
  • Fuente del término: lcsh

374 ## - OCUPACIÓN

  • Ocupación: Psychoanalysts
  • Fuente del término: lcsh

377 ## - IDIOMA ASOCIADO

  • Código del idioma: fre

670 ## - FUENTE DE DATOS ENCONTRADOS

  • Cita de la fuente: His Le retour à Freud de Jacques Lacan, 1985:
  • Información encontrada: t.p. (Philippe Julien)

670 ## - FUENTE DE DATOS ENCONTRADOS

  • Cita de la fuente: Parenté, parentalité, et cultures, 2020:
  • Información encontrada: page 100 (Philippe JULIEN; psychoanalyst, Paris [as of 2000 when conference was held]) page 95, contribution (De la paternité a la parentalité : quelle place pour le père?)

670 ## - FUENTE DE DATOS ENCONTRADOS

  • Cita de la fuente: IdRef, May 29, 2025
  • Información encontrada: (Julien, Philippe (1926-2011); language of expression: French; country: France; date of birth: 10/03/1926; date of death: 04/09/2011 (4 septembre 2011); gender: male; psychoanalyst; author of Le manteau de Noé: essai sur la paternité (1991))
  • Identificador Uniforme de Recurso: https://www.idref.fr/026942879